Normal view
MARC view
- اشراف الشؤون الادارية - الديوان الملكي الهاشمي
Entry Personal Name
001 - CONTROL NUMBER
- control field: 56969
003 - CONTROL NUMBER IDENTIFIER
- control field: JO-AjAnu
005 - DATE AND TIME OF LATEST TRANSACTION
- control field: 20230606083331.0
008 - FIXED-LENGTH DATA ELEMENTS
- fixed length control field: 230606|| aca||aabn | a|a d
040 ## - CATALOGING SOURCE
- Original cataloging agency: JO-AjAnu
- Transcribing agency: JO-AjAnu
100 ## - HEADING--PERSONAL NAME
- Personal name: اشراف الشؤون الادارية - الديوان الملكي الهاشمي
670 ## - SOURCE DATA FOUND
- Source citation: Work cat.: (JO-AjAnu)29070: اشراف الشؤون الادارية - الديوان الملكي الهاشمي, author, الأوراق النقاشية لصاحب الجلالة الهاشمية الملك عبد الله الثاني ابن الحسين المعظم : من الأولى الى السابعة